[Event "Calvia Open Aficionados 2015"]
[Site "Calvia ESP"]
[Date "2015.10.16"]
[Round "7.48"]
[White "Nettleton, Robin"]
[Black "Gonzalez Muelas, Javier"]
[Result "0-1"]
[WhiteElo "1335"]
[BlackElo "1753"]
[PlyCount "52"]
[EventDate "2015.10.10"]
[EventType "swiss"]
[EventRounds "9"]
[EventCountry "ESP"]
[Source "lmi"]
[SourceDate "2015.10.10"]

1. d4 e6 2. Bf4 Nf6 3. e3 Be7 4. Bd3 b6 5. f3 d6 6. c3 Nd5 7. Be4 c6 8. Ne2 Bg5
9. Bxd5 exd5 10. g3 O-O 11. Qd3 Re8 12. Nd2 Ba6 13. Qf5 Bxf4 14. Qxf4 g5 15.
Qf5 Rxe3 16. O-O-O Bc8 17. Qc2 Rxe2 18. g4 Qf6 19. Rde1 Qe6 20. Qd1 Ba6 21.
Rxe2 Bxe2 22. Qe1 Nd7 23. h3 Re8 24. h4 Qe3 25. hxg5 Bxf3 26. Qh4 Bxh1 0-1

[Event "Calvia Open Aficionados 2015"]
[Site "Calvia ESP"]
[Date "2015.10.17"]
[Round "8.2"]
[White "Melderis, Uldis"]
[Black "Kultiyasov, Mikhail"]
[Result "0-1"]
[WhiteElo "1987"]
[BlackElo "2280"]
[PlyCount "82"]
[EventDate "2015.10.10"]
[EventType "swiss"]
[EventRounds "9"]
[EventCountry "ESP"]
[Source "lmi"]
[SourceDate "2015.10.10"]

1. d4 g6 2. c4 Bg7 3. Nc3 c5 4. d5 Bxc3+ 5. bxc3 Qa5 6. Qb3 f5 7. Nf3 Nf6 8. g3
d6 9. Bg2 Nbd7 10. O-O Nb6 11. e4 fxe4 12. Ng5 Bf5 13. Re1 Qa6 14. Nxe4 Bxe4
15. Bxe4 Qxc4 16. Bg2 Kf7 17. Bh6 Qxb3 18. axb3 Nbxd5 19. c4 Nb4 20. Bxb7 Nc2
21. Bxa8 Rxa8 22. Rec1 Nxa1 23. Rxa1 Rb8 24. Ra3 Rb7 25. f3 Nd7 26. Kf2 Ne5 27.
Ke2 Ke6 28. Be3 Kd7 29. f4 Nc6 30. Kd3 Nb4+ 31. Kc3 Kc6 32. Bf2 e6 33. Ra1 d5
34. cxd5+ Nxd5+ 35. Kc2 Kb5 36. Re1 Nb4+ 37. Kc3 Rd7 38. Bg1 Rd3+ 39. Kb2 Rxg3
40. Rf1 Rg2+ 41. Kb1 Nd3 0-1

[Event "Calvia Open Aficionados 2015"]
[Site "Calvia ESP"]
[Date "2015.10.17"]
[Round "8.4"]
[White "Galiana Salom, Juan Ramon"]
[Black "Sahelices Casado, Roberto"]
[Result "1-0"]
[WhiteElo "2226"]
[BlackElo "2039"]
[PlyCount "87"]
[EventDate "2015.10.10"]
[EventType "swiss"]
[EventRounds "9"]
[EventCountry "ESP"]
[Source "lmi"]
[SourceDate "2015.10.10"]

1. e4 c6 2. d4 d5 3. Nc3 dxe4 4. Nxe4 Bf5 5. Ng3 Bg6 6. h4 h6 7. Bc4 e6 8. N1e2
Nf6 9. Nf4 Bh7 10. Qe2 Bd6 11. Be3 Nbd7 12. Ngh5 Bxf4 13. Nxf4 Nb6 14. Bb3 Nbd5
15. Nxd5 Nxd5 16. Bd2 Qd6 17. Qg4 Rg8 18. O-O-O O-O-O 19. Qf3 Rd7 20. c4 Nc7
21. Bf4 Qb4 22. Rd2 Rgd8 23. Rhd1 Qa5 24. Qg3 Bg6 25. Be5 Bh5 26. f3 f6 27. Bf4
g5 28. Be3 Bg6 29. f4 Rg8 30. fxg5 hxg5 31. hxg5 fxg5 32. Qe5 Qxe5 33. dxe5
Rxd2 34. Rxd2 b6 35. g4 Be4 36. Bd1 Rh8 37. Rd4 Bg6 38. Bxg5 Na6 39. Rd6 Nc5
40. Rxc6+ Kb8 41. b4 Nd3+ 42. Kd2 Nxe5 43. Bf4 Kb7 44. Bxe5 1-0

[Event "Calvia Open Aficionados 2015"]
[Site "Calvia ESP"]
[Date "2015.10.17"]
[Round "8.5"]
[White "Elishev, Ivan"]
[Black "Ballesteros Gonzalez, David"]
[Result "0-1"]
[WhiteElo "2128"]
[BlackElo "2157"]
[PlyCount "132"]
[EventDate "2015.10.10"]
[EventType "swiss"]
[EventRounds "9"]
[EventCountry "ESP"]
[Source "lmi"]
[SourceDate "2015.10.10"]

1. e4 c5 2. Nf3 e6 3. c4 Nc6 4. d4 cxd4 5. Nxd4 Bb4+ 6. Nc3 a6 7. Nxc6 bxc6 8.
Bd3 Ne7 9. O-O O-O 10. e5 Ng6 11. Qe2 f5 12. f4 d5 13. exd6 Bxd6 14. Be3 Qc7
15. Qf2 e5 16. c5 Be7 17. Bc4+ Kh8 18. fxe5 f4 19. Bd4 Nxe5 20. Be2 f3 21. Bxf3
Nxf3+ 22. gxf3 Bh3 23. Rfe1 Bf6 24. Rad1 Bxd4 25. Rxd4 Rad8 26. Rde4 Qf7 27.
Qg3 Qxf3 28. Qxf3 Rxf3 29. Re8+ Rf8 30. Rxd8 Rxd8 31. Kf2 h5 32. Ne4 Be6 33. a3
Rf8+ 34. Ke3 Bd5 35. Nc3 Bb3 36. Rg1 Rf5 37. Ne4 Bc2 38. Ng3 Rg5 39. Rc1 Bb3
40. Rc3 Bd5 41. Kf4 Rg4+ 42. Ke5 Rh4 43. Rc2 Rg4 44. Rc3 g6 45. Nf1 Re4+ 46.
Kd6 Re6+ 47. Kd7 Rf6 48. Ne3 Be4 49. Rc4 Bf3 50. Ra4 Be2 51. Re4 Kg7 52. h4 Bf3
53. Ra4 g5 54. hxg5 Rf7+ 55. Ke6 Kg6 56. Rxa6 Rf4 57. Nc2 h4 58. Ra8 h3 59. Rh8
Bh5 60. Rg8+ Kh7 61. Rd8 h2 62. g6+ Kg7 63. Ke5 h1=Q 64. Rd7+ Kxg6 65. Kxf4
Qh2+ 66. Ke4 Qxc2+ 0-1

[Event "Calvia Open Aficionados 2015"]
[Site "Calvia ESP"]
[Date "2015.10.17"]
[Round "8.6"]
[White "Guski, Dietmar"]
[Black "Cip, Dalibor"]
[Result "0-1"]
[WhiteElo "2046"]
[BlackElo "2146"]
[PlyCount "47"]
[EventDate "2015.10.10"]
[EventType "swiss"]
[EventRounds "9"]
[EventCountry "ESP"]
[Source "lmi"]
[SourceDate "2015.10.10"]

1. e4 c5 2. Nf3 d6 3. d4 Nf6 4. Nc3 cxd4 5. Qxd4 a6 6. Bg5 Nc6 7. Qd2 h6 8. Be3
e6 9. O-O-O Be7 10. h3 b5 11. Nd4 Bb7 12. f3 Rc8 13. Kb1 O-O 14. Bd3 Ne5 15.
Rc1 b4 16. Nce2 d5 17. Ng3 dxe4 18. fxe4 Nc4 19. Bxc4 Rxc4 20. Qd3 Qc7 21. Bf2
Rd8 22. Qe2 Rcxd4 23. Bxd4 Rxd4 24. Rcd1 0-1

[Event "Calvia Open Aficionados 2015"]
[Site "Calvia ESP"]
[Date "2015.10.17"]
[Round "8.7"]
[White "Smirnov, Aleksander"]
[Black "Blanco Gutierrez, Pedro"]
[Result "1-0"]
[WhiteElo "2145"]
[BlackElo "2099"]
[PlyCount "89"]
[EventDate "2015.10.10"]
[EventType "swiss"]
[EventRounds "9"]
[EventCountry "ESP"]
[Source "lmi"]
[SourceDate "2015.10.10"]

1. e4 c6 2. Nc3 d5 3. Nf3 Bg4 4. h3 Bxf3 5. Qxf3 Nf6 6. g3 e6 7. Bg2 dxe4 8.
Nxe4 Nxe4 9. Qxe4 Qd5 10. O-O Qxe4 11. Bxe4 Nd7 12. d4 Nf6 13. Bf3 h5 14. c4
Be7 15. Re1 O-O-O 16. Be3 Rd7 17. Red1 Rhd8 18. Rab1 g6 19. b4 Ne8 20. d5 exd5
21. cxd5 Kb8 22. dxc6 Rxd1+ 23. Bxd1 bxc6 24. Bf3 Rc8 25. Rc1 Nd6 26. Rxc6 Rxc6
27. Bxc6 h4 28. b5 g5 29. gxh4 gxh4 30. Kg2 f5 31. Kf3 Bf6 32. Kf4 Bd8 33. f3
Bb6 34. Bxb6 axb6 35. Ke5 Kc7 36. f4 Nc4+ 37. Kxf5 Kd6 38. Kg4 Ke6 39. Kxh4 Kf5
40. Kg3 Ne3 41. Kf3 Nd1 42. Be4+ Kf6 43. Bd3 Nc3 44. a3 Ke6 45. h4 1-0

[Event "Calvia Open Aficionados 2015"]
[Site "Calvia ESP"]
[Date "2015.10.17"]
[Round "8.10"]
[White "Dijon, Frederic"]
[Black "Lacrosse, Marc"]
[Result "1/2-1/2"]
[WhiteElo "1965"]
[BlackElo "2141"]
[PlyCount "51"]
[EventDate "2015.10.10"]
[EventType "swiss"]
[EventRounds "9"]
[EventCountry "ESP"]
[Source "lmi"]
[SourceDate "2015.10.10"]

1. c4 e6 2. g3 d5 3. Bg2 Nf6 4. Nf3 Be7 5. O-O O-O 6. Qc2 c5 7. d4 cxd4 8. Nxd4
Nc6 9. Nxc6 bxc6 10. cxd5 cxd5 11. b3 Ba6 12. Bb2 Rc8 13. Qd1 Qa5 14. Bf3 Rc6
15. a3 Rfc8 16. b4 Qb5 17. Nd2 Rc2 18. Bd4 Qb8 19. Nb3 Ne4 20. Nc5 Bxc5 21.
Bxc5 Rd2 22. Qc1 Nxc5 23. Qxd2 Nb3 24. Qb2 Nxa1 25. Rxa1 Rc4 26. Rc1 1/2-1/2

[Event "Calvia Open Aficionados 2015"]
[Site "Calvia ESP"]
[Date "2015.10.17"]
[Round "8.11"]
[White "Svensson, Leif 1940"]
[Black "Berendsen, Markus"]
[Result "1/2-1/2"]
[WhiteElo "2118"]
[BlackElo "1997"]
[PlyCount "29"]
[EventDate "2015.10.10"]
[EventType "swiss"]
[EventRounds "9"]
[EventCountry "ESP"]
[Source "lmi"]
[SourceDate "2015.10.10"]

1. d4 c6 2. Nc3 d5 3. Bg5 Qb6 4. Rb1 Bf5 5. e3 Nd7 6. Bd3 Bg6 7. Nf3 Ngf6 8.
O-O e6 9. b4 Bd6 10. Qe2 O-O 11. Rfc1 Qc7 12. e4 dxe4 13. Nxe4 Nxe4 14. Bxe4 e5
15. dxe5 1/2-1/2

[Event "Calvia Open Aficionados 2015"]
[Site "Calvia ESP"]
[Date "2015.10.17"]
[Round "8.13"]
[White "Slovak, Pavel"]
[Black "Frey, Armin"]
[Result "1/2-1/2"]
[WhiteElo "2089"]
[BlackElo "1967"]
[PlyCount "42"]
[EventDate "2015.10.10"]
[EventType "swiss"]
[EventRounds "9"]
[EventCountry "ESP"]
[Source "lmi"]
[SourceDate "2015.10.10"]

1. e4 c5 2. Nf3 a6 3. d4 cxd4 4. Nxd4 Nc6 5. Nc3 e6 6. a3 Qc7 7. Be3 Nf6 8. Be2
Be7 9. O-O O-O 10. f4 d6 11. f5 Ne5 12. g4 h6 13. h4 Nh7 14. Qe1 exf5 15. Nd5
Qd8 16. Nxf5 Bxf5 17. Bb6 Bxh4 18. Bxd8 Bxe1 19. exf5 Raxd8 20. Raxe1 Nf6 21.
Nxf6+ gxf6 1/2-1/2

[Event "Calvia Open Aficionados 2015"]
[Site "Calvia ESP"]
[Date "2015.10.17"]
[Round "8.14"]
[White "Hajenius, Willem"]
[Black "Obers, Frits"]
[Result "1-0"]
[WhiteElo "1923"]
[BlackElo "2080"]
[PlyCount "65"]
[EventDate "2015.10.10"]
[EventType "swiss"]
[EventRounds "9"]
[EventCountry "ESP"]
[Source "lmi"]
[SourceDate "2015.10.10"]

1. d4 Nf6 2. c4 c5 3. d5 e6 4. Nc3 exd5 5. cxd5 d6 6. e4 g6 7. f4 Bg7 8. Nf3
O-O 9. Be2 Nbd7 10. e5 dxe5 11. fxe5 Ng4 12. Bg5 f6 13. exf6 Bxf6 14. Bxf6 Qxf6
15. Qd2 Nde5 16. O-O Bf5 17. Ng5 Qb6 18. d6 c4+ 19. Kh1 Bd3 20. Nge4 Ne3 21.
Rfe1 Nc2 22. Qh6 Bxe2 23. Nd5 Ng4 24. Ne7+ Kf7 25. Qxh7+ Ke6 26. Qxg6+ Kd7 27.
Rxe2 Nxa1 28. Qxg4+ Kd8 29. Nf5 Qa5 30. Neg3 Qxa2 31. Qg5+ Kd7 32. Qe7+ Kc6 33.
Qc7+ 1-0

[Event "Calvia Open Aficionados 2015"]
[Site "Calvia ESP"]
[Date "2015.10.17"]
[Round "8.15"]
[White "Meyer, Peter"]
[Black "Lazarte Anello, David Emiliano"]
[Result "0-1"]
[WhiteElo "2068"]
[BlackElo "1965"]
[PlyCount "60"]
[EventDate "2015.10.10"]
[EventType "swiss"]
[EventRounds "9"]
[EventCountry "ESP"]
[Source "lmi"]
[SourceDate "2015.10.10"]

1. d4 Nf6 2. Nf3 g6 3. Nc3 d5 4. Bf4 Bg7 5. Qd2 O-O 6. Bh6 Bxh6 7. Qxh6 c6 8.
e3 Nbd7 9. h4 Ng4 10. Qf4 h5 11. Bd3 e5 12. dxe5 Qe7 13. e4 Ngxe5 14. Nxe5 Nxe5
15. O-O-O d4 16. Ne2 c5 17. Ng3 c4 18. Be2 Rd8 19. c3 d3 20. Bf1 b5 21. Qd2 a5
22. f4 Ng4 23. Kb1 Bb7 24. Re1 b4 25. e5 bxc3 26. bxc3 Bd5 27. Ka1 Rdb8 28. Ne4
Bxe4 29. Rxe4 Qb7 30. Re1 Ne3 0-1

[Event "Calvia Open Aficionados 2015"]
[Site "Calvia ESP"]
[Date "2015.10.17"]
[Round "8.16"]
[White "Jouanneaud, Jean Daniel"]
[Black "Ponce Cano, Adrian"]
[Result "0-1"]
[WhiteElo "1942"]
[BlackElo "2135"]
[PlyCount "38"]
[EventDate "2015.10.10"]
[EventType "swiss"]
[EventRounds "9"]
[EventCountry "ESP"]
[Source "lmi"]
[SourceDate "2015.10.10"]

1. e4 c5 2. Nc3 e6 3. f4 Nc6 4. Nf3 g6 5. d4 cxd4 6. Nxd4 Bg7 7. Ndb5 Nge7 8.
Nd6+ Kf8 9. e5 Nf5 10. Nxf5 exf5 11. Bc4 Nxe5 12. Qd6+ Kg8 13. Nd5 Nxc4 14. Qb4
d6 15. Qxc4 Be6 16. Qd3 Qa5+ 17. Nc3 Rc8 18. Bd2 Qb6 19. Qb5 Bxc3 0-1

[Event "Calvia Open Aficionados 2015"]
[Site "Calvia ESP"]
[Date "2015.10.17"]
[Round "8.17"]
[White "Cemborain Oricain, Alfonso"]
[Black "Hoenick, Andreas"]
[Result "1/2-1/2"]
[WhiteElo "1911"]
[BlackElo "2097"]
[PlyCount "51"]
[EventDate "2015.10.10"]
[EventType "swiss"]
[EventRounds "9"]
[EventCountry "ESP"]
[Source "lmi"]
[SourceDate "2015.10.10"]

1. e4 c5 2. Nc3 Nc6 3. Bb5 Nd4 4. Bc4 e6 5. d3 a6 6. a4 Ne7 7. Nge2 d5 8. Ba2
dxe4 9. dxe4 Nec6 10. Nxd4 cxd4 11. Ne2 Bb4+ 12. c3 dxc3 13. Qxd8+ Nxd8 14.
Nxc3 Bd7 15. Bb3 Rc8 16. Bd2 Nc6 17. O-O Na5 18. Ba2 Nc4 19. Bxc4 Rxc4 20. Rac1
O-O 21. b3 Rcc8 22. Nb1 Bxd2 23. Nxd2 Bc6 24. f3 Rfd8 25. Nc4 Rd3 26. Na5
1/2-1/2

[Event "Calvia Open Aficionados 2015"]
[Site "Calvia ESP"]
[Date "2015.10.17"]
[Round "8.21"]
[White "Delaere, Koen"]
[Black "Breed, Greg J"]
[Result "1-0"]
[WhiteElo "1959"]
[BlackElo "1755"]
[PlyCount "53"]
[EventDate "2015.10.10"]
[EventType "swiss"]
[EventRounds "9"]
[EventCountry "ESP"]
[Source "lmi"]
[SourceDate "2015.10.10"]

1. d4 d5 2. c4 c6 3. Nf3 Nf6 4. Nc3 a6 5. e3 Bg4 6. Qb3 Qc7 7. cxd5 Bxf3 8.
gxf3 cxd5 9. Nxd5 Nxd5 10. Qxd5 e6 11. Qb3 Nc6 12. Bd2 Be7 13. Bd3 O-O 14. h4
Rfd8 15. f4 Bf6 16. Rc1 Qd7 17. Bc3 Rac8 18. Qd1 h6 19. a3 b5 20. Rg1 e5 21.
fxe5 Bxh4 22. Qh5 Bg5 23. Rd1 Qe7 24. f4 b4 25. axb4 Nxb4 26. fxg5 Rc6 27. gxh6
1-0

[Event "Calvia Open Aficionados 2015"]
[Site "Calvia ESP"]
[Date "2015.10.17"]
[Round "8.22"]
[White "Boix Pons, Catalina"]
[Black "Neagos, Raul-Alexandru"]
[Result "0-1"]
[WhiteElo "1813"]
[BlackElo "2048"]
[PlyCount "62"]
[EventDate "2015.10.10"]
[EventType "swiss"]
[EventRounds "9"]
[EventCountry "ESP"]
[Source "lmi"]
[SourceDate "2015.10.10"]

1. d4 c5 2. d5 e5 3. dxe6 fxe6 4. e4 Nc6 5. Nf3 d5 6. c3 Be7 7. Bb5 Nf6 8. e5
Ne4 9. Nbd2 Nxd2 10. Bxd2 Bd7 11. Bd3 Qc7 12. Qe2 O-O-O 13. O-O-O Be8 14. h3 h6
15. g4 Rf8 16. Rhe1 c4 17. Bc2 b5 18. a3 a5 19. Nd4 Nxd4 20. cxd4 b4 21. axb4
axb4 22. Rg1 Qa5 23. Be3 Bb5 24. Bb1 c3 25. Qc2 Kb8 26. Rde1 cxb2+ 27. Qxb2
Rc8+ 28. Kd1 Ka7 29. Rg3 b3 30. Bd2 Rxf2 31. Bd3 Qa2 0-1

[Event "Calvia Open Aficionados 2015"]
[Site "Calvia ESP"]
[Date "2015.10.17"]
[Round "8.23"]
[White "Juan Mas, Santiago"]
[Black "Moreno Mateos, Jose Luis"]
[Result "1-0"]
[WhiteElo "1963"]
[BlackElo "1855"]
[PlyCount "59"]
[EventDate "2015.10.10"]
[EventType "swiss"]
[EventRounds "9"]
[EventCountry "ESP"]
[Source "lmi"]
[SourceDate "2015.10.10"]

1. Nf3 d5 2. c4 c6 3. g3 Nf6 4. Bg2 g6 5. O-O Bg7 6. d3 O-O 7. Na3 Re8 8. Qc2
a6 9. Rb1 b5 10. b4 Bf5 11. Nd4 Qd7 12. Nb3 dxc4 13. Nc5 cxd3 14. exd3 Qd6 15.
Bb2 a5 16. Nxb5 Qd8 17. Nd4 axb4 18. Nxc6 Qb6 19. Nxe7+ Rxe7 20. Bxa8 Rc7 21.
Rbc1 Nfd7 22. Nxd7 Rxc2 23. Nxb6 Rxb2 24. Bd5 Na6 25. Nc4 Rxa2 26. Ne3 Ra5 27.
Nxf5 gxf5 28. Rc8+ Bf8 29. Bc4 Kg7 30. Ra8 1-0

[Event "Calvia Open Aficionados 2015"]
[Site "Calvia ESP"]
[Date "2015.10.17"]
[Round "8.24"]
[White "Burg, Henk"]
[Black "Galiana Moll, Ramon Aron"]
[Result "1/2-1/2"]
[WhiteElo "1795"]
[BlackElo "1961"]
[PlyCount "45"]
[EventDate "2015.10.10"]
[EventType "swiss"]
[EventRounds "9"]
[EventCountry "ESP"]
[Source "lmi"]
[SourceDate "2015.10.10"]

1. e4 d6 2. d4 Nf6 3. Nc3 e5 4. dxe5 dxe5 5. Qxd8+ Kxd8 6. Bd3 Be6 7. Nge2 Nbd7
8. O-O a6 9. h3 Nc5 10. Be3 h6 11. Rad1 Nxd3 12. Rxd3+ Kc8 13. Rfd1 Be7 14. a3
b6 15. Ng3 g6 16. f4 exf4 17. Bxf4 Kb7 18. e5 Nh5 19. Nxh5 gxh5 20. Nd5 Bg5 21.
Bxg5 hxg5 22. Nf6 h4 23. c3 1/2-1/2

[Event "Calvia Open Aficionados 2015"]
[Site "Calvia ESP"]
[Date "2015.10.17"]
[Round "8.25"]
[White "Friedrich, Gerhard"]
[Black "Ballester Cladera, Antonio"]
[Result "1/2-1/2"]
[WhiteElo "1940"]
[BlackElo "1786"]
[PlyCount "45"]
[EventDate "2015.10.10"]
[EventType "swiss"]
[EventRounds "9"]
[EventCountry "ESP"]
[Source "lmi"]
[SourceDate "2015.10.10"]

1. d4 Nf6 2. c4 e5 3. dxe5 Ng4 4. Nf3 Bc5 5. e3 Nc6 6. Bd2 Ncxe5 7. Nxe5 Nxe5
8. Bc3 Qe7 9. Be2 O-O 10. Nd2 Bb4 11. Qb3 Bxc3 12. Qxc3 d6 13. O-O b6 14. Nf3
Bb7 15. Nxe5 dxe5 16. f3 Rad8 17. Rfd1 c5 18. Rxd8 Rxd8 19. Rd1 f6 20. Kf2 Bc8
21. Rxd8+ Qxd8 22. Qd3 Qxd3 23. Bxd3 1/2-1/2

[Event "Calvia Open Aficionados 2015"]
[Site "Calvia ESP"]
[Date "2015.10.17"]
[Round "8.26"]
[White "Gaya Torrens, Miguel"]
[Black "Beltran Ortiz, Edda Georgina"]
[Result "0-1"]
[WhiteElo "1752"]
[BlackElo "1927"]
[PlyCount "80"]
[EventDate "2015.10.10"]
[EventType "swiss"]
[EventRounds "9"]
[EventCountry "ESP"]
[Source "lmi"]
[SourceDate "2015.10.10"]

1. d4 c5 2. d5 Nf6 3. c4 b5 4. cxb5 a6 5. b6 Qxb6 6. Nc3 g6 7. Nf3 d6 8. g3 Bg7
9. Bg2 O-O 10. O-O Bb7 11. e4 Nbd7 12. Qc2 Rab8 13. Re1 Rfe8 14. Rb1 Ng4 15. h3
Nge5 16. Nd2 c4 17. b3 Qd4 18. Ne2 Qd3 19. Qd1 c3 20. Nf4 c2 21. Nxd3 cxd1=Q
22. Rxd1 Nxd3 23. Nc4 Nxc1 24. Rbxc1 Rec8 25. Bf1 Ba8 26. f4 Rc5 27. Kf2 a5 28.
Rb1 f5 29. Bd3 fxe4 30. Bxe4 Nf6 31. Bf3 Bxd5 32. Bxd5+ Nxd5 33. Rbc1 Nc3 34.
Re1 Kf7 35. Rc2 d5 36. Re5 Ne4+ 37. Ke3 dxc4 38. Rxe4 cxb3 39. Rxc5 b2 40. Rc7
Bf6 0-1

[Event "Calvia Open Aficionados 2015"]
[Site "Calvia ESP"]
[Date "2015.10.17"]
[Round "8.27"]
[White "Mateu Moya, Pedro"]
[Black "Hill, Luke"]
[Result "0-1"]
[WhiteElo "1559"]
[BlackElo "1921"]
[PlyCount "56"]
[EventDate "2015.10.10"]
[EventType "swiss"]
[EventRounds "9"]
[EventCountry "ESP"]
[Source "lmi"]
[SourceDate "2015.10.10"]

1. e4 d5 2. exd5 Nf6 3. c4 e6 4. dxe6 Bxe6 5. Be2 Nc6 6. Nf3 Qd7 7. a3 Bc5 8.
O-O O-O-O 9. Nc3 Rhe8 10. b4 Bd4 11. Qa4 Bf5 12. Nxd4 Qxd4 13. Ra2 Kb8 14. Nb5
Qd7 15. Bf3 Be4 16. Bxe4 Nxe4 17. f3 Nf6 18. Rc2 a6 19. Nc3 Qd4+ 20. Kh1 Qxc4
21. Rg1 Nd4 22. Rb2 Re5 23. Qd1 Rde8 24. Ne4 Nxe4 25. fxe4 Qd3 26. Re1 Rxe4 27.
Rxe4 Qxe4 28. h3 Qe1+ 0-1

[Event "Calvia Open Aficionados 2015"]
[Site "Calvia ESP"]
[Date "2015.10.17"]
[Round "8.32"]
[White "Andreu Lopez, Santiago"]
[Black "Ramis Sebastia, Jordi Salvador"]
[Result "1-0"]
[WhiteElo "1903"]
[BlackElo "1596"]
[PlyCount "71"]
[EventDate "2015.10.10"]
[EventType "swiss"]
[EventRounds "9"]
[EventCountry "ESP"]
[Source "lmi"]
[SourceDate "2015.10.10"]

1. e4 e5 2. Nf3 Nc6 3. Bb5 a6 4. Ba4 Nf6 5. O-O b5 6. Bb3 Be7 7. c3 Bb7 8. d4
exd4 9. e5 Ng4 10. cxd4 Na5 11. Bc2 d6 12. h3 Nh6 13. Nc3 dxe5 14. Nxe5 Bg5 15.
Re1 O-O 16. f4 Bh4 17. Qd3 f5 18. Re2 Nc4 19. Bb3 c5 20. Bxc4+ bxc4 21. Qxc4+
Kh8 22. dxc5 Qc7 23. c6 Bc8 24. Be3 a5 25. Nd5 Qd8 26. c7 Qe8 27. Qc5 Nf7 28.
Nb6 Ra6 29. Rc1 Nxe5 30. fxe5 f4 31. Nxc8 Qxc8 32. Qxf8+ Qxf8 33. c8=Q Ra8 34.
Qxf8+ Rxf8 35. Bb6 f3 36. gxf3 1-0

[Event "Calvia Open Aficionados 2015"]
[Site "Calvia ESP"]
[Date "2015.10.17"]
[Round "8.33"]
[White "Rossello Sanchez, Bartolome"]
[Black "Cerdo Fernandez, Miguel"]
[Result "0-1"]
[WhiteElo "1503"]
[BlackElo "1892"]
[PlyCount "50"]
[EventDate "2015.10.10"]
[EventType "swiss"]
[EventRounds "9"]
[EventCountry "ESP"]
[Source "lmi"]
[SourceDate "2015.10.10"]

1. b3 d5 2. Bb2 Nf6 3. e3 Bg4 4. Nf3 e6 5. h3 Bh5 6. a3 Be7 7. Be2 O-O 8. d3 c5
9. g4 Bg6 10. Ne5 Nc6 11. Nxg6 hxg6 12. h4 e5 13. g5 Nh5 14. Bxh5 gxh5 15. Qxh5
g6 16. Qh6 Re8 17. f4 Bf8 18. h5 Bxh6 19. gxh6 Kh7 20. hxg6+ fxg6 21. f5 gxf5
22. Nd2 Rg8 23. O-O-O Qg5 24. Rde1 Rg6 25. Nf3 Qf6 0-1

[Event "Calvia Open Aficionados 2015"]
[Site "Calvia ESP"]
[Date "2015.10.17"]
[Round "8.34"]
[White "Baatz, Karl-Heinz"]
[Black "Cassidy, Sydney"]
[Result "1-0"]
[WhiteElo "1825"]
[BlackElo "1665"]
[PlyCount "43"]
[EventDate "2015.10.10"]
[EventType "swiss"]
[EventRounds "9"]
[EventCountry "ESP"]
[Source "lmi"]
[SourceDate "2015.10.10"]

1. e4 c5 2. Nc3 Nc6 3. f4 d6 4. Nf3 e6 5. Bb5 a6 6. Bxc6+ bxc6 7. d3 d5 8. O-O
Nf6 9. Qe1 Be7 10. Kh1 O-O 11. b3 Nd7 12. f5 Re8 13. fxe6 fxe6 14. exd5 Nf8 15.
dxe6 Bxe6 16. Ne4 Bd5 17. Bb2 Bxe4 18. Qxe4 Qd5 19. Qg4 Ng6 20. Rae1 Qd6 21.
Re6 Qd7 22. Rxg6 1-0

[Event "Calvia Open Aficionados 2015"]
[Site "Calvia ESP"]
[Date "2015.10.17"]
[Round "8.40"]
[White "Lim, Mark"]
[Black "Ferrer Mygina, Juan"]
[Result "1/2-1/2"]
[WhiteElo "1870"]
[BlackElo "1576"]
[PlyCount "32"]
[EventDate "2015.10.10"]
[EventType "swiss"]
[EventRounds "9"]
[EventCountry "ESP"]
[Source "lmi"]
[SourceDate "2015.10.10"]

1. Nf3 c5 2. c4 Nc6 3. d4 cxd4 4. Nxd4 e6 5. Nc3 a6 6. e4 Qb6 7. Nb3 Bb4 8. Qc2
Nf6 9. Be3 Qc7 10. a3 Bxc3+ 11. Qxc3 O-O 12. f3 d5 13. Bg5 dxe4 14. Bxf6 gxf6
15. Qxf6 Qb6 16. Qg5+ Kh8 1/2-1/2

[Event "Calvia Open Aficionados 2015"]
[Site "Calvia ESP"]
[Date "2015.10.17"]
[Round "8.46"]
[White "Barranco Tejedor, Alejandro"]
[Black "Romero Gamez, Francisco Javier"]
[Result "0-1"]
[WhiteElo "1364"]
[BlackElo "1708"]
[PlyCount "76"]
[EventDate "2015.10.10"]
[EventType "swiss"]
[EventRounds "9"]
[EventCountry "ESP"]
[Source "lmi"]
[SourceDate "2015.10.10"]

1. e4 e5 2. Nf3 Nc6 3. Nc3 Nf6 4. Bb5 d6 5. d3 Be7 6. O-O O-O 7. Bxc6 bxc6 8.
h3 h6 9. Re1 Nh7 10. d4 exd4 11. Nxd4 Bb7 12. Nf5 Bf6 13. Qg4 Kh8 14. f4 Bxc3
15. bxc3 Qf6 16. Re3 c5 17. e5 dxe5 18. fxe5 Qg6 19. Qxg6 fxg6 20. Ne7 Rf7 21.
Nxg6+ Kg8 22. e6 Rf6 23. e7 Re8 24. Rg3 Be4 25. Nh4 Rxe7 26. Re3 Rfe6 27. Re2
Bb7 28. Rxe6 Rxe6 29. Kf2 Nf6 30. c4 Re4 31. Nf5 Rxc4 32. Ne3 Ra4 33. Rb1 Be4
34. a3 c6 35. Bb2 Nd5 36. Nxd5 cxd5 37. Rc1 c4 38. c3 Ra6 0-1

[Event "Calvia Open Aficionados 2015"]
[Site "Calvia ESP"]
[Date "2015.10.17"]
[Round "8.47"]
[White "Aguado Doncel, Pablo Luis"]
[Black "Molet, Asher"]
[Result "0-1"]
[WhiteElo "1262"]
[BlackElo "1665"]
[PlyCount "36"]
[EventDate "2015.10.10"]
[EventType "swiss"]
[EventRounds "9"]
[EventCountry "ESP"]
[Source "lmi"]
[SourceDate "2015.10.10"]

1. d4 d5 2. c4 e6 3. Nc3 Nf6 4. Bg5 Be7 5. Nf3 Nbd7 6. e3 O-O 7. cxd5 exd5 8.
Bd3 Re8 9. O-O c6 10. Qc2 Nf8 11. Rfe1 Ne4 12. Bxe7 Qxe7 13. Nxe4 dxe4 14. Bxe4
Qxe4 15. Qxe4 Rxe4 16. Ne5 Rh4 17. Rac1 Be6 18. Rc3 Nd7 0-1

[Event "Calvia Open Aficionados 2015"]
[Site "Calvia ESP"]
[Date "2015.10.18"]
[Round "9.1"]
[White "Ustianovich, Nazar"]
[Black "Kultiyasov, Mikhail"]
[Result "1-0"]
[WhiteElo "2268"]
[BlackElo "2280"]
[PlyCount "85"]
[EventDate "2015.10.10"]
[EventType "swiss"]
[EventRounds "9"]
[EventCountry "ESP"]
[Source "lmi"]
[SourceDate "2015.10.10"]

1. d4 Nf6 2. c4 g6 3. Nf3 Bg7 4. Nc3 O-O 5. Bg5 d6 6. e3 c6 7. Be2 a6 8. Nd2
Nbd7 9. O-O Qc7 10. Re1 Re8 11. a3 Nf8 12. h3 Bf5 13. b4 e5 14. d5 c5 15. e4
Bc8 16. bxc5 dxc5 17. Rb1 N8d7 18. a4 h6 19. Be3 Bf8 20. Nb3 b6 21. a5 bxa5 22.
Ra1 Rb8 23. Nxa5 Bb7 24. Qd2 Kh7 25. Nxb7 Qxb7 26. Ra3 Ra8 27. Rb1 Qc7 28. Rba1
Qb7 29. Qa2 Reb8 30. Bd1 Qc7 31. Ba4 Rb4 32. Bc6 Rab8 33. Rxa6 Rb2 34. Qa5 Qxa5
35. R6xa5 R8b3 36. Na4 Rb1+ 37. Rxb1 Rxb1+ 38. Kh2 Rb4 39. Bb5 Bd6 40. Ra7 Bb8
41. Rb7 Bd6 42. Nb6 Nxb6 43. Rxf7+ 1-0